Indian English literature: marginalized voices (Record no. 167979)
[ view plain ]
| 000 -LEADER | |
|---|---|
| fixed length control field | 00776nam a2200229Ia 4500 |
| 003 - CONTROL NUMBER IDENTIFIER | |
| control field | OSt |
| 005 - DATE AND TIME OF LATEST TRANSACTION | |
| control field | 20230623153533.0 |
| 008 - FIXED-LENGTH DATA ELEMENTS--GENERAL INFORMATION | |
| fixed length control field | 210423s2003 xx 000 0 und d |
| 020 ## - INTERNATIONAL STANDARD BOOK NUMBER | |
| International Standard Book Number | 81-86318-88-7 |
| 040 ## - CATALOGING SOURCE | |
| Transcribing agency | AL |
| 041 ## - LANGUAGE CODE | |
| Language code of text/sound track or separate title | eng |
| 082 ## - DEWEY DECIMAL CLASSIFICATION NUMBER | |
| Classification number | 820.954 PATI |
| 100 ## - MAIN ENTRY--PERSONAL NAME | |
| Personal name | PATHAK (R S) |
| 9 (RLIN) | 111701 |
| 245 ## - TITLE STATEMENT | |
| Title | Indian English literature: marginalized voices |
| Statement of responsibility, etc. | SINGH (Avadhesh Kumar) |
| 260 ## - PUBLICATION, DISTRIBUTION, ETC. | |
| Place of publication, distribution, etc. | New Delhi |
| Name of publisher, distributor, etc. | Creative Books |
| Date of publication, distribution, etc. | 2003 |
| 300 ## - PHYSICAL DESCRIPTION | |
| Extent | 243 |
| Other physical details | HB |
| 365 ## - TRADE PRICE | |
| Price amount | 500 |
| Currency code | INR |
| 440 ## - SERIES STATEMENT/ADDED ENTRY--TITLE | |
| Title | Creative new literatures series 50 |
| 9 (RLIN) | 111702 |
| 650 ## - SUBJECT ADDED ENTRY--TOPICAL TERM | |
| Topical term or geographic name entry element | English Criticism |
| 9 (RLIN) | 111703 |
| 906 ## - LOCAL DATA ELEMENT F, LDF (RLIN) | |
| a | Attia Hosain ; Dina Mehta ; english ; God of small things ; Indian ; literature: ; marginalized ; Nizzim Ezekiel ; Parsi ; Salman Rushdie ; voices ; women poets |
| 942 ## - ADDED ENTRY ELEMENTS (KOHA) | |
| Source of classification or shelving scheme | Dewey Decimal Classification |
| Koha item type | Book |
| Withdrawn status | Lost status | Damaged status | Not for loan | Collection code | Home library | Current library | Date acquired | Source of acquisition | Cost, normal purchase price | Total Checkouts | Full call number | Barcode | Date last seen | Price effective from | Koha item type |
|---|---|---|---|---|---|---|---|---|---|---|---|---|---|---|---|
| MA English | St Aloysius PG Library | St Aloysius PG Library | 11/21/2016 | Biblios Book Point | 500.00 | 820.954 PATI | PG014481 | 08/24/2022 | 04/26/2021 | Book | |||||
| MA English | St Aloysius PG Library | St Aloysius PG Library | 11/21/2016 | Biblios Book Point | 500.00 | 820.954 PATI | PG014482 | 08/24/2022 | 04/26/2021 | Book |